22 Years A Kashmir Story/ (Record no. 216444)

MARC details
000 -LEADER
fixed length control field 00640nam a22002057a 4500
005 - DATE AND TIME OF LATEST TRANSACTION
control field 20260602105723.0
010 ## - LCCN (DPL NO)
LC control number ENG-148696
020 ## - INTERNATIONAL STANDARD BOOK NUMBER
International Standard Book Number 9789386473141
Terms of availability 295.00
035 ## - SYSTEM CONTROL NUMBER
System control number EN-132228
037 ## - SOURCE OF ACQUISITION
Source of stock number/acquisition DBAD
082 ## - DEWEY DECIMAL CLASSIFICATION NUMBER
Classification number 954.11
100 ## - MAIN ENTRY--PERSONAL NAME
Personal name Koul, Bill K
245 ## - TITLE STATEMENT
Title 22 Years A Kashmir Story/
Statement of responsibility, etc Bill K Koul
250 ## - EDITION STATEMENT
Edition statement 1
260 ## - PUBLICATION, DISTRIBUTION, ETC. (IMPRINT)
Place of publication, distribution, etc New Delhi
Name of publisher, distributor, etc Vitasta Publishing Pvt Ltd
Date of publication, distribution, etc 2018
270 ## - ADDRESS
Address 2/15, Ansari Road daryaganj,
City New Delhi
Postal code 110002
Electronic mail address info@vitastapublishing.com
300 ## - PHYSICAL DESCRIPTION
Extent 210p.
Dimensions 21cm(pb)
500 ## - GENERAL NOTE
General note One Lak Pandit Families May Have One Lakh Stories
942 ## - ADDED ENTRY ELEMENTS (KOHA)
Source of classification or shelving scheme Dewey Decimal Classification
Item type English Books
Classification part 954.11
Call number suffix KOU
Holdings
Withdrawn status Lost status Not for loan Collection code Home library Current library Date acquired Source of acquisition Cost, normal purchase price Full call number Barcode Copy number Cost, replacement price Koha item type
    Not For Loan Non-fiction D.B.Act.Division D.B.Act.Division 02/06/2026 Delivery of Books Act Division 295.00 954.11 KOU EN-132228 1 295.00 English Books

© Delhi Public Library
Hit Counter
free hit counter